000 00645cam a22002174a 4500
020 _a1870098773 (pbk)
040 _cDLC
082 _a711 PUB 1999 C147 Or.
100 1 _aGirardet, Herbert.
245 1 0 _aCreating sustainable cities /
260 _aTotnes, Devon :
_bPublished by Green Books for The Schumacher Society,
_c1999.
300 _a77 p. ;
_c21 cm.
490 1 _aSchumacher briefings ;
650 0 _aUrban ecology (Sociology)
650 0 _aCities and towns
650 0 _aSociology, Urban.
650 0 _aCity planning.
650 0 _aSustainable development.
710 2 _aSchumacher Society (Great Britain)
942 _cAEDBB
999 _c18512
_d18512